Normal view MARC view
  • srivastava, neha

Entry Personal Name

Number of records used in: 1

001 - CONTROL NUMBER

  • control field: 8823

003 - CONTROL NUMBER IDENTIFIER

  • control field: JRU

005 - DATE AND TIME OF LATEST TRANSACTION

  • control field: 20251125122629.0

008 - FIXED-LENGTH DATA ELEMENTS

  • fixed length control field: 251125|| aca||aabn | a|a d

040 ## - CATALOGING SOURCE

  • Original cataloging agency: JRU
  • Transcribing agency: JRU

100 ## - HEADING--PERSONAL NAME

  • Personal name: srivastava, neha

670 ## - SOURCE DATA FOUND

  • Source citation: Work cat.: (JRU)9005: srivastava, neha, TEXTBOOK OF INDUSTRIAL PHARMACY - II FOR B.PHARM [7TH ED. ], 2025